| 000 | 03140cgm a2200733Ia 4500 | ||
|---|---|---|---|
| 001 | 38056 | ||
| 005 | 20230410123815.0 | ||
| 007 | vd cgaizq | ||
| 008 | 010417p20012000enk111 g vleng d | ||
| 035 | _a(OCoLC)ocm46764150 | ||
| 040 |
_aCIA _cCIA _dJED _dLEO _dOCL _dIBI _dEMU _dXFF _dBTCTA _dDRFGD |
||
| 020 | _a078325086X | ||
| 020 | _a9780783250861 | ||
| 024 | 1 | 0 | _a025192113420 |
| 028 | 4 | 2 |
_a21134 _bUniversal Studios |
| 035 | _a(OCoLC)46764150 | ||
| 041 | 1 |
_aengfre _beng _heng |
|
| 043 | _ae-uk-en | ||
| 050 | 1 | 4 | _aCM DVD 00272 |
| 082 | 4 | _a791.43 | |
| 049 | _aGRAL | ||
| 245 | 0 | 0 |
_aBilly Elliot _h[videorecording] / _cUniversal Focus ; Studio Canal ; Working Title Films and BBC Films, in association with the Arts Council of England, present a Tiger Aspect Pictures production in association with WT2 ; directed by Stephen Daldry ; produced by Greg Brenman and Jon Finn ; written by Lee Hall. |
| 260 |
_aUniversal City, CA : _bUniversal Studios, _cc2001. |
||
| 300 |
_a1 videodisc (111 min.) : _bsd., col. ; _c4 3/4 in. |
||
| 538 | _aDVD. | ||
| 546 | _aEnglish or French language soundtrack (5.1 surround) ; closed-captioned in English for the hearing impaired. | ||
| 511 | 1 | _aJulie Walters, Gary Lewis, Jamie Draven, Jamie Bell, Adam Cooper. | |
| 508 | _aDirector of photography, Brian Tufano ; production designer, Maria Djurkovic ; editor, John Wilson ; costume designer, Stewart Meacham ; composer, Stephen Warbeck ; choreographer, Peter Darling. | ||
| 500 | _aWidescreen format (aspect ratio 1.85:1). | ||
| 500 | _aOriginally released as motion picture in 2000. | ||
| 500 | _aSpecial features include: Billy Elliot, breaking free, original featurette ; production notes ; cast & filmmakers ; theatrical trailer ; DVD-ROM features. | ||
| 520 | _aEleven-year-old miner's son Billy Elliot is on his way to boxing lessons when he stumbles upon a ballet class. Billy secretly joins the class, knowing that his blue-collar family would never understand. | ||
| 521 | 8 | _aMPAA rating: R. | |
| 650 | 0 |
_aTeenage boys _zEngland _vDrama. |
|
| 650 | 0 |
_aMale dancers _zEngland _vDrama. |
|
| 650 | 0 |
_aBallet dancers _zEngland _vDrama. |
|
| 650 | 0 |
_aCoal miners _zEngland _vDrama. |
|
| 650 | 0 |
_aWorking class _zEngland _vDrama. |
|
| 650 | 0 |
_aSocial classes _zEngland _vDrama. |
|
| 651 | 0 |
_aEngland, North East _vDrama. |
|
| 650 | 0 | _aFeature films. | |
| 650 | 0 | _aVideo recordings for the hearing impaired. | |
| 655 | 7 |
_aFeature films. _2local |
|
| 700 | 1 | _aDaldry, Stephen. | |
| 700 | 1 | _aBrenman, Greg. | |
| 700 | 1 | _aFinn, Jon. | |
| 700 | 1 |
_aHall, Lee, _d1966- |
|
| 700 | 1 |
_aWalters, Julie, _d1950- |
|
| 700 | 1 | _aLewis, Gary. | |
| 700 | 1 | _aDraven, Jamie. | |
| 700 | 1 |
_aBell, Jamie, _d1986- |
|
| 700 | 1 | _aCooper, Adam. | |
| 710 | 2 | _aUniversal Focus (Firm) | |
| 710 | 2 | _aStudio Canal+. | |
| 710 | 2 | _aWorking Title Films. | |
| 710 | 2 | _aBBC Films. | |
| 710 | 2 | _aArts Council of England. | |
| 710 | 2 | _aTiger Aspect Pictures (Firm) | |
| 710 | 2 | _aWT2 (Firm) | |
| 710 | 2 | _aUniversal City Studios. | |
| 938 |
_aBaker and Taylor _bBTCP _nbe2001021275 |
||
| 942 |
_2lcc _cdvd |
||
| 994 |
_aC0 _bDRFGD |
||
| 999 |
_c66688 _d66688 |
||